000 01357nam a2200325Ia 4500
001 ebr10201487
003 CaPaEBR
006 m u
007 cr cn|||||||||
008 070427s2007 bcca sb 001 0 eng d
020 _z9780865715851 (pbk.) :
020 _z0865715858 (pbk.) :
040 _aCaPaEBR
_cCaPaEBR
035 _a(OCoLC)567901306
050 1 4 _aTJ163.2
_b.S93 2007eb
082 0 4 _a333.794
_222
100 1 _aSwan, Christopher C.
245 1 0 _aElectric water
_h[electronic resource] :
_bthe emerging revolution in water and energy /
_cChristopher C. Swan.
260 _aGabriola Island, Canada :
_bNew Society ;
_a[Lancaster :
_bGazelle Drake Academic, distributor],
_c2007.
300 _axvi, 223 p. :
_bill.
504 _aIncludes bibliographical references and index.
533 _aElectronic reproduction.
_bPalo Alto, Calif. :
_cebrary,
_d2009.
_nAvailable via World Wide Web.
_nAccess may be limited to ebrary affiliated libraries.
650 0 _aEnergy development.
650 0 _aRenewable energy sources.
650 0 _aEnvironmental engineering
_xTechnological innovations.
650 0 _aSustainable engineering.
655 7 _aElectronic books.
_2local
710 2 _aebrary, Inc.
856 4 0 _uhttp://site.ebrary.com/lib/rucke/Doc?id=10201487
_zAn electronic book accessible through the World Wide Web; click to view
999 _c223392
_d223392